000 00639nam a2200205 a 4500
005 20210219160505.0
008 081109s2000 mx r 000 0 spa d
020 _a9688052981
035 _aUPN01000166705
049 _aUNE
080 _aOC 651.7 (72) "1990" MAN No.3.
245 0 0 _aManual de procedimientos de la unidad central de correspondencia No. 3.
250 _a2a. ed.
260 _aMéxico : Archivo General de la Nación, 1990.
300 _apág. irregular.; 27 cm. il.
690 _aGestion de la correspondencia- Mexico
690 _aArchivos- Mexico
690 _aMexico- Politica de archivos
905 _aUNESCO
999 _c138816
_d138816